000 00304nam a2200133Ia 4500
008 191201s2010 xx 000 0 und d
082 _a155
_bBHP
100 _aBHATIA, RC
245 0 _aPersonality Development
260 _aN. Delhi
_bAne Books
_c2010
300 _a251
650 _aBBA
942 _2ddc
_cBK
999 _c4979
_d4979